Pokémon Paradoxe - Statistiques

Statistiques générales
  • Ce quiz a été pris 21 fois
  • Le résultat moyen est 21 sur 22
Statistiques - réponses
Par images Réponse % Correct
Koraidon
100%
Miraidon
100%
Epine-de-Fer
94%
Flotte-Mèche
94%
Fort-Ivoire
94%
Garde-de-Fer
94%
Hotte-de-Fer
94%
Hurle-Queue
94%
Ire-Foudre
94%
Mite-de-Fer
94%
Paume-de-Fer
94%
Pelage-Sablé
94%
Roc-de-Fer
94%
Roue-de-Fer
94%
Rugit-Lune
94%
Serpente-Eau
94%
Vert-de-Fer
94%
Chef-de-Fer
88%
Feu-Perçant
88%
Fongus-Furie
88%
Rampe-Ailes
88%
Têtes-de-Fer
88%
Aucun quiz correspondant
Distribution des résultats
% des personnes avec chaque résultat
Percentile par nombre de réponses
Votre historique - résultats
Vous n’avez pas pris ce quiz